Statistics for Destinations from Canberra Airport (CBR)

Click here to take the quiz!

General Stats

  • This quiz has been taken 78 times
  • The average score is 8 of 10

Answer Stats

Carrier City % Correct
Qantas, QantasLink, Tigerair Australia, Virgin AustraliaBrisbane
100%
Qantas, QantasLink, Virgin AustraliaSydney
100%
Qantas, QantasLink, Tigerair Australia, Virgin AustraliaMelbourne - Tullamarine
98%
Qantas, Virgin AustraliaPerth
98%
Qantas, QantasLink, Virgin AustraliaAdelaide
97%
Singapore AirlinesSingapore - Changi
92%
Qatar AirwaysDoha
72%
Virgin AustraliaGold Coast
72%
FlyPelicanNewcastle
43%
FlyPelicanDubbo
25%

Score Distribution

Percentile by Number Answered

Percent of People with Each Score

Your Score History

You have not taken this quiz